00390nam a22001217a 4500008004100000020001800041082001700059100001600076245006700092260005100159300000900210440004900219230602b xxu||||| |||| 00| 0 eng d a9789966194763 a796.334bGAC cRoy Gachuhi aKickoffbThe Game, The Glory and The Greats of Kenyan Football aNairobi, KenyabKenya Yearbook Editorial Board a162p pKenya Yearbook Editorial Board Sports Series